Loading...
| History - World History | 0 | 4 | 1 | 3 | 35 | 112 | 124.00 | 0 | 4 |
| Science - Physics | 0 | 3 | 2 | 0 | 20 | 112 | 121.67 | 0 | 3 |
| History - European History | 0 | 2 | 0 | 0 | 20 | 97 | 106.50 | 0 | 2 |
| History - American History | 0 | 2 | 1 | 1 | 15 | 71 | 104.50 | 1 | 2 |
| Religion | 0 | 2 | 1 | 0 | 15 | 129 | 136.50 | 0 | 1 |
| Science - Chemistry | 0 | 2 | 1 | 0 | 15 | 94 | 99.00 | 1 | 1 |
| Literature - World Literature | 0 | 1 | 0 | 1 | 10 | 147 | 147.00 | 0 | 0 |
| Science - Biology | 0 | 1 | 0 | 1 | 10 | 112 | 112.00 | 0 | 1 |
| History - Other History | 0 | 1 | 0 | 0 | 10 | 117 | 117.00 | 1 | 1 |
| Social Science | 0 | 1 | 0 | 0 | 10 | 85 | 85.00 | 0 | 1 |
| Fine Arts - Other Fine Arts | 0 | 1 | 1 | 0 | 5 | 119 | 119.00 | 0 | 0 |
| Science - Other Science | 0 | 1 | 1 | 1 | 5 | 121 | 121.00 | 0 | 1 |
| Mythology- Edited | 0 | 0 | 0 | 0 | 0 | 0.00 | 0 | 0 | |
| Literature - American Literature | 0 | 0 | 0 | 0 | 0 | 0.00 | 0 | 0 | |
| Literature - British Literature | 0 | 0 | 0 | 0 | 0 | 0.00 | 0 | 0 | |
| Fine Arts - Auditory Fine Arts | 0 | 0 | 0 | 0 | 0 | 0.00 | 0 | 0 | |
| Pop Culture | 0 | 0 | 0 | 0 | 0 | 0.00 | 0 | 0 | |
| Popular Culture | 0 | 0 | 0 | 0 | 0 | 0.00 | 0 | 0 | |
| Other Academic | 0 | 0 | 1 | 0 | -5 | 0.00 | 0 | 0 | |
| Geography | 0 | 0 | 1 | 0 | -5 | 0.00 | 0 | 0 |